[Event "DEN-ch cand"]
[Site "Svendborg"]
[Date "2019.04.21"]
[Round "6"]
[White "Nordenbaek, Jan"]
[Black "Le Besq, Alexander"]
[Result "1-0"]
[WhiteElo "2214"]
[BlackElo "2142"]
[PlyCount "71"]
[EventDate "2019.04.16"]
[EventType "swiss"]
[EventRounds "7"]
[EventCountry "DEN"]
[SourceTitle "EXT 2020"]
[Source "ChessBase"]
[SourceDate "2019.10.17"]
[SourceVersion "1"]
[SourceVersionDate "2019.10.17"]
[SourceQuality "1"]

1. e4 c5 2. Nf3 d6 3. d4 cxd4 4. Nxd4 Nf6 5. Nc3 g6 6. Be3 Bg7 7. f3 0-0 8. Qd2 Nc6 9. 0-0-0 d5 10. Qe1 e5 11. Nxc6 bxc6 12. exd5 Nxd5 13. Bc4 Be6 14. Ne4 Qc7 15. Bc5 Rfd8 16. g4 h6 17. h4 a5 18. a4 Rab8 19. Qf2 f5 20. gxf5 gxf5 21. Ng3 Qf7 22. Rhg1 Nf4 23. Bxe6 Qxe6 24. Qe3 Nh3 25. Nh5 Nxg1 26. Rxg1 Rd7 27. b3 Kh7 28. Qc3 Bh8 29. Qxa5 e4 30. f4 Qf7 31. Ng3 Qf6 32. c3 Rxb3 33. Bd4 Qd6 34. Qxf5+ Kg8 35. Nxe4+ Rg7 36. Rxg7+ 1-0

[Event "DEN-ch cand"]
[Site "Svendborg"]
[Date "2019.04.20"]
[Round "5"]
[White "Le Besq, Alexander"]
[Black "Nilssen, Ellen Fredericia"]
[Result "1-0"]
[WhiteElo "2142"]
[BlackElo "2048"]
[PlyCount "97"]
[EventDate "2019.04.16"]
[EventType "swiss"]
[EventRounds "7"]
[EventCountry "DEN"]
[SourceTitle "EXT 2020"]
[Source "ChessBase"]
[SourceDate "2019.10.17"]
[SourceVersion "1"]
[SourceVersionDate "2019.10.17"]
[SourceQuality "1"]

1. e4 e6 2. b3 d5 3. Bb2 Nf6 4. e5 Nfd7 5. f4 c5 6. Nc3 a6 7. Qg4 Nc6 8. Nf3 Qe7 9. 0-0-0 b6 10. Re1 Kd8 11. g3 Kc7 12. Bg2 Kb8 13. Rhf1 g6 14. Qg5 h6 15. Qxe7 Nxe7 16. Nh4 Rg8 17. g4 Bb7 18. Ne2 Kc7 19. Ng3 Bg7 20. f5 g5 21. Nf3 Nc6 22. f6 Bf8 23. Nh5 b5 24. Kb1 a5 25. d4 Ba6 26. Rh1 a4 27. h4 gxh4 28. Rxh4 axb3 29. axb3 c4 30. Nf4 Na5 31. Nd2 b4 32. Nxd5+ exd5 33. Bxd5 c3 34. Bxa8 cxd2 35. Rd1 Be2 36. Rxd2 Rxg4 37. Rxg4 Bxg4 38. Bd5 Be6 39. Be4 h5 40. d5 Bg4 41. d6+ Kc8 42. Bd5 Bh6 43. Rf2 Be3 44. Rf1 Nf8 45. Bxf7 Nc6 46. Re1 Bd2 47. e6 Bxe1 48. e7 Nd8 49. exf8Q 1-0

[Event "DEN-ch cand"]
[Site "Svendborg"]
[Date "2018.04.01"]
[Round "6"]
[White "Moe, Mogens"]
[Black "Le Besq, Alexander"]
[Result "0-1"]
[WhiteElo "2218"]
[BlackElo "2050"]
[PlyCount "74"]
[EventDate "2018.03.27"]
[EventType "swiss"]
[EventRounds "7"]
[EventCountry "DEN"]
[SourceTitle "EXT 2019"]
[Source "ChessBase"]
[SourceDate "2018.10.10"]
[SourceVersion "1"]
[SourceVersionDate "2018.10.10"]
[SourceQuality "1"]

1. e4 c5 2. Nf3 d6 3. d4 cxd4 4. Nxd4 Nf6 5. Nc3 g6 6. Be2 Bg7 7. 0-0 0-0 8. Be3 a6 9. h3 b5 10. Bf3 e5 11. Nb3 Bb7 12. Qd3 Re8 13. Rfd1 Bf8 14. Bg5 Nbd7 15. Qe3 Qc7 16. a3 Re6 17. Bh6 Nb6 18. Na5 Nc4 19. Nxc4 Bxh6 20. Qb6 Qxc4 21. Qxb7 Qc8 22. Qxc8+ Rxc8 23. Bg4 Nxg4 24. hxg4 Rc6 25. Rd5 Re8 26. Rad1 Bf8 27. R1d3 Rec8 28. Kf1 Kg7 29. Ke2 Kf6 30. Rh3 h6 31. Rf3+ Ke6 32. Kd1 Rc4 33. Rh3 R8c6 34. Ke2 Rxe4+ 35. Nxe4 Kxd5 36. Kd3 Rc4 37. c3 Rxe4 0-1

[Event "DEN-ch cand"]
[Site "Svendborg"]
[Date "2018.03.27"]
[Round "1"]
[White "Jaksland, Tim"]
[Black "Le Besq, Alexander"]
[Result "1/2-1/2"]
[WhiteElo "2168"]
[BlackElo "2050"]
[PlyCount "92"]
[EventDate "2018.03.27"]
[EventType "swiss"]
[EventRounds "7"]
[EventCountry "DEN"]
[SourceTitle "EXT 2019"]
[Source "ChessBase"]
[SourceDate "2018.10.10"]
[SourceVersion "1"]
[SourceVersionDate "2018.10.10"]
[SourceQuality "1"]

1. Nf3 Nf6 2. c4 g6 3. b3 Bg7 4. Bb2 c5 5. g3 Nc6 6. Bg2 0-0 7. 0-0 e6 8. d4 cxd4 9. Nxd4 Nxd4 10. Qxd4 Ne8 11. Qd2 Bxb2 12. Qxb2 Rb8 13. Nc3 a6 14. a4 b6 15. Rfd1 f5 16. Qd2 Rf7 17. Qe3 Qc7 18. Qd4 Bb7 19. Bxb7 Rxb7 20. Rd2 Qc5 21. Rb1 Rc7 22. e3 Rc6 23. Qf4 Qb4 24. Rd3 Rd6 25. Rxd6 Qxd6 26. Qd4 Qc7 27. Rd1 Re7 28. e4 d6 29. exf5 gxf5 30. Re1 Kf7 31. Qd3 Nf6 32. Rd1 Rd7 33. Qf3 Qc5 34. Qe2 Qb4 35. Qc2 Ng4 36. Ne2 Qc5 37. Nd4 d5 38. Qe2 Rd6 39. Nf3 d4 40. Ng5+ Kf6 41. Ne4+ fxe4 42. Qxg4 Qf5 43. Qg8 e5 44. Qf8+ Ke6 45. Qe8+ Kf6 46. Qf8+ Ke6 1/2-1/2

[Event "Nordic-ch U20"]
[Site "Heinola"]
[Date "2018.02.11"]
[Round "5"]
[White "Bo, Rani I"]
[Black "Le Besq, Alexander"]
[Result "0-1"]
[WhiteElo "1745"]
[BlackElo "2125"]
[PlyCount "164"]
[EventDate "2018.02.09"]
[EventType "swiss"]
[EventRounds "6"]
[EventCountry "FIN"]
[SourceTitle "EXT 2019"]
[Source "ChessBase"]
[SourceDate "2018.10.10"]
[SourceVersion "1"]
[SourceVersionDate "2018.10.10"]
[SourceQuality "1"]

1. d4 Nf6 2. c4 g6 3. Nc3 Bg7 4. Nf3 0-0 5. Bg5 d6 6. e3 c6 7. Be2 Re8 8. 0-0 b6 9. Rc1 Nbd7 10. Qc2 Bb7 11. Rfd1 Rc8 12. b3 Qc7 13. h3 e5 14. Qb2 Qb8 15. Qd2 e4 16. Ne1 h6 17. Bf4 g5 18. Bh2 Rcd8 19. Nc2 Bf8 20. Na3 Qa8 21. d5 c5 22. Qc2 Bc8 23. Nab1 Ne5 24. Nxe4 Nxe4 25. Qxe4 f5 26. Qc2 Bg7 27. Bh5 Rf8 28. Nd2 Bd7 29. Nf3 Nxf3+ 30. Bxf3 Be8 31. Re1 Bg6 32. Qe2 Qb7 33. Bh5 Qf7 34. Bxg6 Qxg6 35. Qd3 Qf7 36. Re2 a6 37. a4 Qd7 38. Rf1 Rf7 39. Kh1 Re8 40. Qd2 Re4 41. Rfe1 Rf8 42. f3 Re7 43. e4 f4 44. Bg1 b5 45. axb5 axb5 46. Qa2 Qb7 47. Qb1 Rb8 48. Qd3 bxc4 49. bxc4 Be5 50. Ra2 Qb3 51. Qxb3 Rxb3 52. Rc1 Reb7 53. Bf2 Rb1 54. Rac2 Kf7 55. Kh2 Rxc1 56. Rxc1 Rb2 57. Be1 Re2 58. Bc3 Kf6 59. Ba5 Bb2 60. Re1 Rc2 61. Rb1 Be5 62. Bd8+ Kf7 63. Rb7+ Ke8 64. Bb6 Rxc4 65. Kg1 Bd4+ 66. Kf1 Rc1+ 67. Ke2 Rc2+ 68. Kd1 Rxg2 69. Rh7 Rf2 70. Rxh6 Rxf3 71. Rxd6 Rxh3 72. Rg6 Rg3 73. d6 f3 74. Rg7 Bxg7 75. Bxc5 Rg2 76. Ke1 g4 77. Kf1 g3 78. Bb6 Rb2 79. d7+ Kxd7 80. Bf2 Rb1+ 81. Be1 Bc3 82. e5 Rxe1# 0-1